<?xml version="1.0" encoding="UTF-8"?>
<record
    xmlns:xsi="http://www.w3.org/2001/XMLSchema-instance"
    xsi:schemaLocation="http://www.loc.gov/MARC21/slim http://www.loc.gov/standards/marcxml/schema/MARC21slim.xsd"
    xmlns="http://www.loc.gov/MARC21/slim">

  <leader>01854nam a2200361Ia 4500</leader>
  <controlfield tag="001">Para_10261</controlfield>
  <controlfield tag="003">CHAP</controlfield>
  <controlfield tag="008">220125s2013    xx            000 0 und d</controlfield>
  <datafield tag="010" ind1=" " ind2=" ">
    <subfield code="a">208949</subfield>
  </datafield>
  <datafield tag="020" ind1=" " ind2=" ">
    <subfield code="a">9789684182769 (Colecci&#xF3;n) \ 9789684182776 (v.1) \ 9789684182783 (v.2)  \ 9789684182790 (v.3)  \ 9789684182806 (v.4)  \ 9789684182813 (v.5)  \  9789684182820 (v.6) \ 9789684182837 (v.7)  \ 9789684182844 (v.8)</subfield>
  </datafield>
  <datafield tag="040" ind1=" " ind2=" ">
    <subfield code="c">CHAP</subfield>
  </datafield>
  <datafield tag="082" ind1=" " ind2=" ">
    <subfield code="a">PA 410 P63 2013</subfield>
  </datafield>
  <datafield tag="245" ind1=" " ind2=" ">
    <subfield code="a">El poder del lenguaje  /</subfield>
    <subfield code="c"> Hayd&#xE9;e de Parra... [et al]</subfield>
  </datafield>
  <datafield tag="260" ind1=" " ind2=" ">
    <subfield code="a">M&#xE9;xico  :</subfield>
    <subfield code="b"> Ediciones Culturales Internacionales</subfield>
  </datafield>
  <datafield tag="300" ind1=" " ind2=" ">
    <subfield code="a">8 v.</subfield>
  </datafield>
  <datafield tag="505" ind1=" " ind2=" ">
    <subfield code="a">Contenido: v. 1. La gram&#xE1;tica y sus componentes / Hayd&#xE9;e de Parra -- v. 2. Los verbos y sus conjugaciones : 100 modelos conjugados y m&#xE1;s de 10,000 verbos de uso cotidiano / Hayd&#xE9;e de Parra -- v. 3. Escribir bien / Gloria Mar&#xED;a Sierra V. -- v. 4. Reglas de ortograf&#xED;a / Hayd&#xE9;e de Parra -- v. 5. Aumente su vocabulario / Hayd&#xE9;e de Parra -- v. 6. An&#xE1;lisis de lectura y escritos / Carlos Andr&#xE9;s Monta&#xF1;&#xE9;s -- v. 7. Estudiar, comprender y memorizar / Patricia Nieto -- v. 8. Hablar en p&#xFA;blico : &#xA1;comunique, impacte y convenza / Andr&#xE9;s monta&#xF1;&#xE9;s G.</subfield>
  </datafield>
  <datafield tag="650" ind1=" " ind2=" ">
    <subfield code="a">Comunicaci&#xF3;n oral  </subfield>
    <subfield code="9">26238</subfield>
  </datafield>
  <datafield tag="650" ind1=" " ind2=" ">
    <subfield code="a">Escritura.</subfield>
    <subfield code="9">157149</subfield>
  </datafield>
  <datafield tag="650" ind1=" " ind2=" ">
    <subfield code="a">Espa&#xF1;ol </subfield>
    <subfield code="x"></subfield>
    <subfield code="x"> Ense&#xF1;anza </subfield>
    <subfield code="9">175257</subfield>
  </datafield>
  <datafield tag="650" ind1=" " ind2=" ">
    <subfield code="a">Espa&#xF1;ol. </subfield>
    <subfield code="x"></subfield>
    <subfield code="x"> Ortograf&#xED;a </subfield>
    <subfield code="9">175258</subfield>
  </datafield>
  <datafield tag="700" ind1=" " ind2=" ">
    <subfield code="a">I.Parra de, Hayd&#xE9;e, coaut. </subfield>
    <subfield code="9">175259</subfield>
  </datafield>
  <datafield tag="700" ind1=" " ind2=" ">
    <subfield code="a">II.Sierra V., Gloria Mar&#xED;a, coaut. </subfield>
    <subfield code="9">175260</subfield>
  </datafield>
  <datafield tag="700" ind1=" " ind2=" ">
    <subfield code="a">III.Monta&#xF1;&#xE9;s, Carlos Andr&#xE9;s, coaut. </subfield>
    <subfield code="9">175261</subfield>
  </datafield>
  <datafield tag="700" ind1=" " ind2=" ">
    <subfield code="a">IV.Nieto, Patricia, coaut. </subfield>
    <subfield code="9">175262</subfield>
  </datafield>
  <datafield tag="700" ind1=" " ind2=" ">
    <subfield code="a">V.Mu&#xF1;oz G., Andr&#xE9;s, coaut.</subfield>
    <subfield code="9">175263</subfield>
  </datafield>
  <datafield tag="901" ind1=" " ind2=" ">
    <subfield code="a">PA 410 P63 2013</subfield>
  </datafield>
  <datafield tag="902" ind1=" " ind2=" ">
    <subfield code="a">A</subfield>
  </datafield>
  <datafield tag="905" ind1=" " ind2=" ">
    <subfield code="a">5232202013N                            an  8000000300   06</subfield>
  </datafield>
  <datafield tag="910" ind1=" " ind2=" ">
    <subfield code="a">2013</subfield>
  </datafield>
  <datafield tag="942" ind1=" " ind2=" ">
    <subfield code="c">PARA</subfield>
  </datafield>
  <datafield tag="942" ind1=" " ind2=" ">
    <subfield code="c">PARA</subfield>
    <subfield code="d">1</subfield>
  </datafield>
  <datafield tag="999" ind1=" " ind2=" ">
    <subfield code="c">208949</subfield>
    <subfield code="d">208949</subfield>
  </datafield>
  <datafield tag="952" ind1=" " ind2=" ">
    <subfield code="0">0</subfield>
    <subfield code="1">0</subfield>
    <subfield code="2">ddc</subfield>
    <subfield code="4">0</subfield>
    <subfield code="7">0</subfield>
    <subfield code="8">GRAL</subfield>
    <subfield code="a">PA</subfield>
    <subfield code="b">PA</subfield>
    <subfield code="d">2015-06-02</subfield>
    <subfield code="i">(PA_010466) (No. UACh 267712)</subfield>
    <subfield code="l">1</subfield>
    <subfield code="m">1</subfield>
    <subfield code="o">PA 410 P63 2013  </subfield>
    <subfield code="p">4102003996</subfield>
    <subfield code="r">2025-11-26 16:02:51</subfield>
    <subfield code="s">2025-11-19</subfield>
    <subfield code="t">V.8 Ej.2</subfield>
    <subfield code="w">2022-01-25</subfield>
    <subfield code="y">LIBRO</subfield>
    <subfield code="z">3</subfield>
  </datafield>
  <datafield tag="952" ind1=" " ind2=" ">
    <subfield code="0">0</subfield>
    <subfield code="1">0</subfield>
    <subfield code="2">ddc</subfield>
    <subfield code="4">0</subfield>
    <subfield code="7">0</subfield>
    <subfield code="8">GRAL</subfield>
    <subfield code="a">PA</subfield>
    <subfield code="b">PA</subfield>
    <subfield code="d">2015-06-02</subfield>
    <subfield code="i">(PA_010451 ) (No. UACh C/E)</subfield>
    <subfield code="l">0</subfield>
    <subfield code="o">PA 410 P63 2013  </subfield>
    <subfield code="p">4102003981</subfield>
    <subfield code="r">2022-01-25 00:00:00</subfield>
    <subfield code="t">V.1 Ej.1</subfield>
    <subfield code="w">2022-01-25</subfield>
    <subfield code="y">LIBRO</subfield>
    <subfield code="z">3</subfield>
  </datafield>
  <datafield tag="952" ind1=" " ind2=" ">
    <subfield code="0">0</subfield>
    <subfield code="1">0</subfield>
    <subfield code="2">ddc</subfield>
    <subfield code="4">0</subfield>
    <subfield code="7">0</subfield>
    <subfield code="8">GRAL</subfield>
    <subfield code="a">PA</subfield>
    <subfield code="b">PA</subfield>
    <subfield code="d">2015-06-02</subfield>
    <subfield code="i">(PA_010452) (No. UACh 267713)</subfield>
    <subfield code="l">0</subfield>
    <subfield code="o">PA 410 P63 2013  </subfield>
    <subfield code="p">4102003983</subfield>
    <subfield code="r">2022-01-25 00:00:00</subfield>
    <subfield code="t">V.2 Ej.1</subfield>
    <subfield code="w">2022-01-25</subfield>
    <subfield code="y">LIBRO</subfield>
    <subfield code="z">3</subfield>
  </datafield>
  <datafield tag="952" ind1=" " ind2=" ">
    <subfield code="0">0</subfield>
    <subfield code="1">0</subfield>
    <subfield code="2">ddc</subfield>
    <subfield code="4">0</subfield>
    <subfield code="7">0</subfield>
    <subfield code="8">GRAL</subfield>
    <subfield code="a">PA</subfield>
    <subfield code="b">PA</subfield>
    <subfield code="d">2015-06-02</subfield>
    <subfield code="i">(PA_010453) (No. UACh 267712)</subfield>
    <subfield code="l">0</subfield>
    <subfield code="o">PA 410 P63 2013 </subfield>
    <subfield code="p">4102003985</subfield>
    <subfield code="r">2022-01-25 00:00:00</subfield>
    <subfield code="t">V.3 Ej.1</subfield>
    <subfield code="w">2022-01-25</subfield>
    <subfield code="y">LIBRO</subfield>
    <subfield code="z">3</subfield>
  </datafield>
  <datafield tag="952" ind1=" " ind2=" ">
    <subfield code="0">0</subfield>
    <subfield code="1">0</subfield>
    <subfield code="2">ddc</subfield>
    <subfield code="4">0</subfield>
    <subfield code="7">0</subfield>
    <subfield code="8">GRAL</subfield>
    <subfield code="a">PA</subfield>
    <subfield code="b">PA</subfield>
    <subfield code="d">2015-06-02</subfield>
    <subfield code="i">(PA_010454) (No. UACh 267712)</subfield>
    <subfield code="l">0</subfield>
    <subfield code="o">PA 410 P63 2013  </subfield>
    <subfield code="p">4102003987</subfield>
    <subfield code="r">2022-01-25 00:00:00</subfield>
    <subfield code="t">V.4 Ej.1</subfield>
    <subfield code="w">2022-01-25</subfield>
    <subfield code="y">LIBRO</subfield>
    <subfield code="z">3</subfield>
  </datafield>
  <datafield tag="952" ind1=" " ind2=" ">
    <subfield code="0">0</subfield>
    <subfield code="1">0</subfield>
    <subfield code="2">ddc</subfield>
    <subfield code="4">0</subfield>
    <subfield code="7">0</subfield>
    <subfield code="8">GRAL</subfield>
    <subfield code="a">PA</subfield>
    <subfield code="b">PA</subfield>
    <subfield code="d">2015-06-02</subfield>
    <subfield code="i">(PA_010455) (No. UACh 267713)</subfield>
    <subfield code="l">0</subfield>
    <subfield code="o">PA 410 P63 2013  </subfield>
    <subfield code="p">4102003989</subfield>
    <subfield code="r">2022-01-25 00:00:00</subfield>
    <subfield code="t">V.5 Ej.1</subfield>
    <subfield code="w">2022-01-25</subfield>
    <subfield code="y">LIBRO</subfield>
    <subfield code="z">3</subfield>
  </datafield>
  <datafield tag="952" ind1=" " ind2=" ">
    <subfield code="0">0</subfield>
    <subfield code="1">0</subfield>
    <subfield code="2">ddc</subfield>
    <subfield code="4">0</subfield>
    <subfield code="7">0</subfield>
    <subfield code="8">GRAL</subfield>
    <subfield code="a">PA</subfield>
    <subfield code="b">PA</subfield>
    <subfield code="d">2015-06-02</subfield>
    <subfield code="i">(PA_010456) (No. UACh  267712)</subfield>
    <subfield code="l">0</subfield>
    <subfield code="o">PA 410 P63 2013  </subfield>
    <subfield code="p">4102003991</subfield>
    <subfield code="r">2022-01-25 00:00:00</subfield>
    <subfield code="t">V.6 Ej.1</subfield>
    <subfield code="w">2022-01-25</subfield>
    <subfield code="y">LIBRO</subfield>
    <subfield code="z">3</subfield>
  </datafield>
  <datafield tag="952" ind1=" " ind2=" ">
    <subfield code="0">0</subfield>
    <subfield code="1">0</subfield>
    <subfield code="2">ddc</subfield>
    <subfield code="4">0</subfield>
    <subfield code="7">0</subfield>
    <subfield code="8">GRAL</subfield>
    <subfield code="a">PA</subfield>
    <subfield code="b">PA</subfield>
    <subfield code="d">2015-06-02</subfield>
    <subfield code="i">(PA_010457) (No. UACh 267712)</subfield>
    <subfield code="l">0</subfield>
    <subfield code="o">PA 410 P63 2013  </subfield>
    <subfield code="p">4102003993</subfield>
    <subfield code="r">2022-01-25 00:00:00</subfield>
    <subfield code="t">V.7 Ej.1</subfield>
    <subfield code="w">2022-01-25</subfield>
    <subfield code="y">LIBRO</subfield>
    <subfield code="z">3</subfield>
  </datafield>
  <datafield tag="952" ind1=" " ind2=" ">
    <subfield code="0">0</subfield>
    <subfield code="1">0</subfield>
    <subfield code="2">ddc</subfield>
    <subfield code="4">0</subfield>
    <subfield code="7">0</subfield>
    <subfield code="8">GRAL</subfield>
    <subfield code="a">PA</subfield>
    <subfield code="b">PA</subfield>
    <subfield code="d">2015-06-02</subfield>
    <subfield code="i">(PA_010458) (No. UACh 267713)</subfield>
    <subfield code="l">0</subfield>
    <subfield code="o">PA 410 P63 2013 </subfield>
    <subfield code="p">4102003995</subfield>
    <subfield code="r">2022-01-25 00:00:00</subfield>
    <subfield code="t">V.8 Ej.1</subfield>
    <subfield code="w">2022-01-25</subfield>
    <subfield code="y">LIBRO</subfield>
    <subfield code="z">3</subfield>
  </datafield>
  <datafield tag="952" ind1=" " ind2=" ">
    <subfield code="0">0</subfield>
    <subfield code="1">0</subfield>
    <subfield code="2">ddc</subfield>
    <subfield code="4">0</subfield>
    <subfield code="7">0</subfield>
    <subfield code="8">GRAL</subfield>
    <subfield code="a">PA</subfield>
    <subfield code="b">PA</subfield>
    <subfield code="d">2015-06-02</subfield>
    <subfield code="i">(PA_010459) (No. UACh 267712)</subfield>
    <subfield code="l">0</subfield>
    <subfield code="o">PA 410 P63 2013  </subfield>
    <subfield code="p">4102003982</subfield>
    <subfield code="r">2022-01-25 00:00:00</subfield>
    <subfield code="t">V.1 E.j2</subfield>
    <subfield code="w">2022-01-25</subfield>
    <subfield code="y">LIBRO</subfield>
    <subfield code="z">3</subfield>
  </datafield>
  <datafield tag="952" ind1=" " ind2=" ">
    <subfield code="0">0</subfield>
    <subfield code="1">0</subfield>
    <subfield code="2">ddc</subfield>
    <subfield code="4">0</subfield>
    <subfield code="7">0</subfield>
    <subfield code="8">GRAL</subfield>
    <subfield code="a">PA</subfield>
    <subfield code="b">PA</subfield>
    <subfield code="d">2015-06-02</subfield>
    <subfield code="i">(PA_010460) (No. UACh 267712)</subfield>
    <subfield code="l">0</subfield>
    <subfield code="o">PA 410 P63 2013  </subfield>
    <subfield code="p">4102003984</subfield>
    <subfield code="r">2022-01-25 00:00:00</subfield>
    <subfield code="t">V.2 Ej.2</subfield>
    <subfield code="w">2022-01-25</subfield>
    <subfield code="y">LIBRO</subfield>
    <subfield code="z">3</subfield>
  </datafield>
  <datafield tag="952" ind1=" " ind2=" ">
    <subfield code="0">0</subfield>
    <subfield code="1">0</subfield>
    <subfield code="2">ddc</subfield>
    <subfield code="4">0</subfield>
    <subfield code="7">0</subfield>
    <subfield code="8">GRAL</subfield>
    <subfield code="a">PA</subfield>
    <subfield code="b">PA</subfield>
    <subfield code="d">2015-06-02</subfield>
    <subfield code="i">(PA_010461) (No. UACh 267713)</subfield>
    <subfield code="l">0</subfield>
    <subfield code="o">PA 410 P63 2013  </subfield>
    <subfield code="p">4102003986</subfield>
    <subfield code="r">2022-01-25 00:00:00</subfield>
    <subfield code="t">V.3 Ej.2</subfield>
    <subfield code="w">2022-01-25</subfield>
    <subfield code="y">LIBRO</subfield>
    <subfield code="z">3</subfield>
  </datafield>
  <datafield tag="952" ind1=" " ind2=" ">
    <subfield code="0">0</subfield>
    <subfield code="1">0</subfield>
    <subfield code="2">ddc</subfield>
    <subfield code="4">0</subfield>
    <subfield code="7">0</subfield>
    <subfield code="8">GRAL</subfield>
    <subfield code="a">PA</subfield>
    <subfield code="b">PA</subfield>
    <subfield code="d">2015-06-02</subfield>
    <subfield code="i">(PA_010462) (No. UACh 267712)</subfield>
    <subfield code="l">0</subfield>
    <subfield code="o">PA 410 P63 2013  </subfield>
    <subfield code="p">4102003988</subfield>
    <subfield code="r">2022-01-25 00:00:00</subfield>
    <subfield code="t">V.4 Ej.2</subfield>
    <subfield code="w">2022-01-25</subfield>
    <subfield code="y">LIBRO</subfield>
    <subfield code="z">3</subfield>
  </datafield>
  <datafield tag="952" ind1=" " ind2=" ">
    <subfield code="0">0</subfield>
    <subfield code="1">0</subfield>
    <subfield code="2">ddc</subfield>
    <subfield code="4">0</subfield>
    <subfield code="7">0</subfield>
    <subfield code="8">GRAL</subfield>
    <subfield code="a">PA</subfield>
    <subfield code="b">PA</subfield>
    <subfield code="d">2015-06-02</subfield>
    <subfield code="i">(PA_010463) (No. UACh 267712)</subfield>
    <subfield code="l">0</subfield>
    <subfield code="o">PA 410 P63 2013  </subfield>
    <subfield code="p">4102003990</subfield>
    <subfield code="r">2022-01-25 00:00:00</subfield>
    <subfield code="t">V.5 Ej.2</subfield>
    <subfield code="w">2022-01-25</subfield>
    <subfield code="y">LIBRO</subfield>
    <subfield code="z">3</subfield>
  </datafield>
  <datafield tag="952" ind1=" " ind2=" ">
    <subfield code="0">0</subfield>
    <subfield code="1">0</subfield>
    <subfield code="2">ddc</subfield>
    <subfield code="4">0</subfield>
    <subfield code="7">0</subfield>
    <subfield code="8">GRAL</subfield>
    <subfield code="a">PA</subfield>
    <subfield code="b">PA</subfield>
    <subfield code="d">2015-06-02</subfield>
    <subfield code="i">(PA_010464) (No. UACh 267713)</subfield>
    <subfield code="l">0</subfield>
    <subfield code="o">PA 410 P63 2013  </subfield>
    <subfield code="p">4102003992</subfield>
    <subfield code="r">2022-01-25 00:00:00</subfield>
    <subfield code="t">V.6 Ej.2</subfield>
    <subfield code="w">2022-01-25</subfield>
    <subfield code="y">LIBRO</subfield>
    <subfield code="z">3</subfield>
  </datafield>
  <datafield tag="952" ind1=" " ind2=" ">
    <subfield code="0">0</subfield>
    <subfield code="1">0</subfield>
    <subfield code="2">ddc</subfield>
    <subfield code="4">0</subfield>
    <subfield code="7">0</subfield>
    <subfield code="8">GRAL</subfield>
    <subfield code="a">PA</subfield>
    <subfield code="b">PA</subfield>
    <subfield code="d">2015-06-02</subfield>
    <subfield code="i">(PA_010465) (No. UACh 267713)</subfield>
    <subfield code="l">0</subfield>
    <subfield code="o">PA 410 P63 2013  </subfield>
    <subfield code="p">4102003994</subfield>
    <subfield code="r">2022-01-25 00:00:00</subfield>
    <subfield code="t">V.7 Ej.2</subfield>
    <subfield code="w">2022-01-25</subfield>
    <subfield code="y">LIBRO</subfield>
    <subfield code="z">3</subfield>
  </datafield>
</record>
